| 000 | 00978nam a2200253 a 4500 | ||
|---|---|---|---|
| 001 | BRCA_7314 | ||
| 005 | 20190321142922.0 | ||
| 008 | 040712s2012----u--a######---#000-0#eng-# | ||
| 041 | _aeng | ||
| 044 | _au | ||
| 050 | 4 | _b.D36 2012 | |
| 245 | 1 | 0 |
_aDanzas y máscaras _bthe Masked Dance Tradition of Mexico and Guatemala _ctext by P. Markman ; studio and field photography/design by A. Heney. |
| 260 |
_aHuntington Beach, California _bXipe Projects ; Latin American Masks and Popular Art _c2012 |
||
| 300 |
_a50 p. _bil. a color _c28 cm. |
||
| 500 | _aCatálogo de la exposición realizada del 19 abril - 10 junio, 2012 | ||
| 504 | _aBibliografía: p. 50 | ||
| 650 | 1 | 4 |
_aMáscaras _xDanza _zMéxico _95749 |
| 650 | 1 | 4 |
_aMáscaras _xDanza _zGuatemala _918084 |
| 650 | 1 | 4 |
_aMáscaras _xColecciones privadas _zMéxico _95750 |
| 650 | 1 | 4 |
_aMáscaras _xColecciones privadas _zGuatemala _918085 |
| 700 | 1 |
_aMarkman, Peter T. _etx. _918086 |
|
| 700 | 1 |
_aHeney, A. _918087 |
|
| 942 |
_2lcc _cB |
||
| 999 |
_c6990 _d6990 |
||